| 000 | 00626cam a22002171 4500 | ||
|---|---|---|---|
| 001 | 10046223 | ||
| 003 | OSt | ||
| 005 | 20230703153655.0 | ||
| 008 | 851101s1968 th 000 0 eng | ||
| 010 | _aunk85048243 | ||
| 040 |
_aDLC _cCarP _dDLC |
||
| 082 |
_a342.593 _bOCS |
||
| 110 | 1 |
_aThailand. _kConstitution. [from old catalog] |
|
| 245 | 0 | 4 | _aThe Constitution of the Kingdom of Thailand, B. e. 2540 (1997), |
| 260 |
_a[Bangkok, _c1997 |
||
| 300 |
_a39, 39 p. _bcm. |
||
| 650 | 0 |
_aConstitutions _zThailand. |
|
| 906 |
_a0 _bcbc _cpremunv _du _encip _f19 _gy-gencatlg |
||
| 942 |
_2ddc _cBK |
||
| 999 |
_c3447 _d3447 |
||